Kazan International Airport Destinations (Kazan, Russia) - Statistics

General Stats
  • This quiz has been taken 30 times
    15 since last reset
  • The average score is 38 of 79
Answer Stats
Airline Destination % Correct
Etihad Airways Abu Dhabi
100%
flydubai Dubai (International)
100%
Nordwind Airlines/Pobeda/Turkish Airlines Istanbul
100%
Belavia Minsk
100%
S7 Airlines Moscow (Domodedovo)
100%
Aeroflot/Nordwind Airlines/Pobeda/Smartavia Moscow (Sheremetyevo)
100%
Pobeda/UVT Aero Moscow (Vnukovo)
100%
Nordwind Airlines/Rossiya/RusLine/Smartavia Saint Petersburg
100%
China Eastern Airlines Shanghai (Pudong)
100%
Centrum Air/Red Wings Airlines/UVT Aero/Uzbekistan Airways Tashkent
92%
Red Wings Airlines Almaty
85%
Aeroflot/Azur Air/Corendon Airlines/Pegasus Airlines/Pobeda/Southwind Airlines Antalya
85%
Turkmenistan Airlines Ashgabat
85%
Red Wings Airlines Astana
85%
IrAero Baku
85%
Air Serbia Belgrade
85%
Utair/UVT Aero Samara
85%
Avia Traffic Company/Nordwind Airlines Bishkek
77%
UVT Aero Nizhny Novgorod
77%
S7 Airlines Novosibirsk
77%
Ikar/Utair Ufa
77%
Red Wings Airlines/Ural Airlines/UVT Aero Yekaterinburg
77%
Red Wings Airlines Yerevan
77%
Nordwind Airlines/Somon Air/Ural Airlines Dushanbe
69%
Air Arabia Sharjah
69%
Air Cairo/AlMasria Universal Airlines/Azur Air/Red Wings Airlines/Rossiya/Sky Vision Airlines Sharm El Sheikh
69%
Aeroflot/Nordwind Airlines/Pobeda Sochi
69%
Red Wings Airlines Tbilisi
69%
Red Wings Airlines/UVT Aero Chelyabinsk
62%
AlMasria Universal Airlines/Azur Air/Red Wings Airlines/Rossiya/Ural Airlines Hurghada
62%
Aeroflot/Nordwind Airlines Krasnodar
62%
Nordwind Airlines Krasnoyarsk (International)
62%
Ikar Murmansk
62%
Nordwind Airlines/Utair/UVT Aero Omsk
62%
Ikar Volgograd
62%
Azur Air Dalaman
54%
Nordwind Airlines/Utair Grozny
54%
Nordwind Airlines Irkutsk
54%
UVT Aero Perm
54%
Red Wings Airlines Batumi
46%
Nordwind Airlines Tomsk
46%
Ikar Astrakhan
38%
Nordwind Airlines Makhachkala
38%
Nordwind Airlines Mineralnye Vody
38%
UVT Aero Orenburg
38%
Ural Airlines Osh
38%
Azur Air/Red Wings Airlines Phuket
38%
Nordwind Airlines Ulan-Ude
38%
Nordwind Airlines Kaliningrad
31%
Nordstar Airlines Norilsk
31%
UVT Aero/Uzbekistan Airways Samarqand
31%
Utair Tyumen
31%
UVT Aero Yaroslavl
31%
Nordwind Airlines Barnaul
23%
Uzbekistan Airways Fergana
23%
UVT Aero Magnitogorsk
23%
Nordwind Airlines Vladikavkaz
23%
Red Wings Airlines Bukhara
15%
Azur Air/Ikar/Red Wings Airlines/VietJet Air Nha Trang
15%
UVT Aero Saransk
15%
Ikar/Pobeda Surgut
15%
Severstal Air Company Cherepovets
8%
UVT Aero Kaluga
8%
Nordwind Airlines Kemerovo
8%
RusLine Khanty-Mansiysk
8%
Nordwind Airlines/Ural Airlines Khujand
8%
UVT Aero Kirov
8%
UVT Aero Nalchik
8%
UVT Aero Nizhnevartovsk
8%
Nordwind Airlines Novokuznetsk
8%
Air Arabia Ras Al Khaimah
8%
Aeroflot Sanya
8%
Nordwind Airlines Bokhtar
0%
Red Wings Airlines Hambantota (Mattala)
0%
RusLine Naryan-Mar
0%
Red Wings Airlines/UVT Aero Novy Urengoy
0%
Yamal Airlines Salekard
0%
UVT Aero Tobolsk
0%
UVT Aero Usinsk
0%
No matching quizzes found
Score Distribution
Percent of People with Each Score
Percentile by Number Answered
Your Score History
You have not taken this quiz since the last reset